Les films avec Bruno Cremer (par image) - Statistiques

Statistiques générales
  • Ce quiz a été pris 10 fois
  • Le résultat moyen est 2 sur 16
Statistiques - réponses
Par images Réponse % Correct
La 317e section
60%
Espion, lève-toi
40%
L'alpagueur
40%
La légion saute sur Kolwezi
30%
Le Crabe Tambour
20%
Le Convoi de la peur
10%
Objectif 500 millions
10%
Paris brûle-t-il ?
10%
Josepha
0%
La bande à Bonnot
0%
Là-haut, un roi au-dessus des nuages
0%
Le temps de mourir
0%
Mon père, il m'a sauvé la vie
0%
Sans sommation
0%
Une histoire simple
0%
Une robe noire pour un tueur
0%
Aucun quiz correspondant
Distribution des résultats
% des personnes avec chaque résultat
Percentile par nombre de réponses
Votre historique - résultats
Vous n’avez pas pris ce quiz